Random Telugu Pairs #1 - Statistics

General Stats
  • This quiz has been taken 81 times
  • The average score is 11 of 16
Answer Stats
Telugu English % Correct
Amma, Nanna అమ్మ, నాన్న Dad
100%
Amma, Nannaఅమ్మ, నాన్న Mom
100%
Kāḷḷu, Cētulu కాళ్ళు, చేతులు Hands
91%
Manchi/Baga, Ceḍḍa బాగా, చెడ్డ Bad
88%
Manchi/Baga, Ceḍḍaబాగా, చెడ్డ Good
88%
Snehitudu, Drohi
స్నేహితుడు,
ద్రోహి
Friend
83%
Kāḷḷu, Cētulu కాళ్ళు, చేతులు Feet
78%
Śatrudēśaṁ, Mitradēśaṁశత్రుదేశం, మిత్రదేశం Enemy Nation
75%
Sūdi, Dāraṁసూది, దారం Needle
71%
Danusu/Villu, Banam దనుషు/విల్లు, బాణం Arrow
68%
Sūdi, Dāraṁ సూది, దారం Thread
68%
Danusu/Villu, Banam దనుషు/విల్లు, బాణం Bow
67%
Śatrudēśaṁ, Mitradēśaṁ శత్రుదేశం, మిత్రదేశం Ally Nation
39%
Snehitudu, Drohi
స్నేహితుడు,
ద్రోహి
Traitor
30%
Nijayathi, Mosamనిజాయతి, మోసం Honesty
29%
Nijayathi, Mosam నిజాయతి, మోసం Fraud
23%
No matching quizzes found
Score Distribution
Percent of People with Each Score
Percentile by Number Answered
Your Score History
You have not taken this quiz